| 000 | 00565nam a2200169Ia 4500 | ||
|---|---|---|---|
| 008 | 090711s9999 xx 000 0 und d | ||
| 082 | _b58982 | ||
| 100 | _aउपारव्य वि. म. / जोशी तात्या | ||
| 245 | _aबोध-वैभव | ||
| 260 | _c1985 | ||
| 300 | _a68 | ||
| 600 | _aउपारव्य वि. म. / जोशी तात्या | ||
| 630 | _aबोध-वैभव | ||
| 700 | _aउपारव्य वि. म. / जोशी तात्या | ||
| 730 | _aबोध-वैभव | ||
| 942 | _cBOOK | ||
| 999 |
_c283678 _d283678 |
||